| 000 | 01388cam a22002771i 4500 | ||
|---|---|---|---|
| 003 | SA-RiAUC | ||
| 005 | 20260123143519.0 | ||
| 008 | 260108s1932 ua g 00010 ara c | ||
| 040 |
_aEG-CaDAJ _bara _cSA-RiAUC _erda |
||
| 082 | 0 | 4 |
_a259 _qSA-RiAUC |
| 090 |
_aم ن 259 _bم ح م |
||
| 100 | 0 |
_aمحمد بخيت بن حسين المطيعي، _d1271-1354 هجري _eمؤلف. |
|
| 245 | 1 | 0 |
_aثلاث رسائل في أحكام قراءة الفونوغراف، في أحكام السوكورتاه، إزاحة الوهم والاشتباه عن رسالتي الفونوغراف والسوكورتاه / _cمحمد بخيت المطيعي. |
| 246 | 3 | _a3 رسائل في أحكام قراءة الفونوغراف، في أحكام السوكورتاه، إزاحة الوهم والاشتباه عن رسالتي الفونوغراف والسوكورتاه | |
| 250 | _aالطبعة الثانية. | ||
| 264 | 1 |
_a[القاهرة] : _bجمعية الأزهر العلمية، _c1932 |
|
| 300 | _a52 صفحة | ||
| 336 |
_aنص _btxt _2rdacontent _3كتاب |
||
| 337 |
_aبدون وسيط _bn _2rdamedia |
||
| 338 |
_aمجلد _bnc _2rdacarrier |
||
| 650 | 7 |
_aالأحكام الشرعية _2aucsh |
|
| 650 | 7 |
_aالفقه الإسلامي _2aucsh |
|
| 650 | 7 |
_aالحظر والإباحة _2aucsh |
|
| 942 |
_2ddc _cRBOOK COPY _n0 |
||
| 949 |
_aSA-JeALM _d260108 _umohamedma123 _n1 |
||
| 999 |
_c14144 _d14144 |
||